000 00714nam a2200181Ia 4500
003 GCL
008 140319s9999 xx 000 0 ara d
040 _aGCL /
_cGCL
082 0 4 _a189.6
_bع ف
100 1 _aعبدالامير ابراهيم شمس الدين
245 1 0 _aالفكر التربوى عند ابن خلدون وابن الازرق /
_cعبدالامير ابراهيم شمس الدين
260 _aبيروت :
_bالشركة العالمية للكتاب ش م ل
300 _a269 ص ؛
_c24 سم
490 _aموسوعة التربية و التعليم الاسلامية - قطاع الفلاسفة
_v0
650 0 4 _aالفلسفة
650 0 4 _aابن خلدون
942 _2ddc
_cBK
999 _c41897
_d41897